Associa il nome, al cognome del Politico italiano - Statistics

Statistiche generali
  • Questo quiz è stato fatto 206 volte
  • Il punteggio medio è 32 su 50
Statistiche sulle risposte
Hint Risposta % Corretto
Giorgia Meloni
95%
Bettino Craxi
94%
Alcide De Gasperi
93%
Elly Schlein
93%
Aldo Moro
92%
Silvio Berlusconi
89%
Ignazio La Russa
88%
Carlo Azeglio Ciampi
85%
Matteo Renzi
83%
Sergio Mattarella
82%
Palmiro Togliatti
81%
Sandro Pertini
80%
Enrico Berlinguer
78%
Giulio Andreotti
77%
Giuseppe Conte
77%
Emma Bonino
76%
Romano Prodi
76%
Daniela Santanchè
76%
Massimo D'Alema
70%
Giorgio Napolitano
69%
Walter Veltroni
69%
Umberto Bossi
68%
Carlo Calenda
67%
Pier Ferdinando Casini
66%
Luigi Di Maio
66%
Mariastella Gelmini
66%
Oscar Luigi Scalfaro
66%
Maria Elena Boschi
65%
Gianfranco Fini
63%
Mario Monti
63%
Laura Boldrini
62%
Mara Carfagna
61%
Amintore Fanfani
60%
Irene Pivetti
57%
Fausto Bertinotti
56%
Francesco Cossiga
56%
Giuliano Amato
53%
Ciriaco De Mita
51%
Paolo Gentiloni
51%
Roberto Fico
48%
Renato Schifani
46%
Marco Pannella
45%
Lamberto Dini
44%
Pietro Grasso
43%
Giovanni Leone
40%
Arnaldo Forlani
37%
Piero Fassino
36%
Mariano Rumor
33%
Fernando Tambroni
28%
Antonio Segni
26%
Nessun quiz corrispondente trovato
Distribuzione punteggi
Percentuale di utenti per punteggio
Percentile per numero di risposta
I tuoi punteggi nel tempo
Non hai fatto questo quiz